000 01115cab a2200277 4500
001 ABS59917
008 090401t1999 xxu||||| |||| 00| 0 eng d
035 _a(Sirsi) u90598
041 _aeng
100 _aWinstone, P.
245 _aAsbestos surveys: gold mine or minefield?
260 _c1999
350 _a0
490 _aCSM
_bChartered Surveyor Monthly
_v8(5) January 1999, 48-49(2)
520 _aReviews implications and potential pitfalls for surveyors following the HSC`s proposal for new regulations on the management of asbestos in non-domestic buildings. Includes information on DoE guidance and survey findings from the US Environmental Protection Agency, which outline practical difficulties in producing a comprehensive asbestos register.
650 _aMANAGEMENT-HEALTH AND SAFETY-HAZARDOUS SUBSTANCES-ASBESTOS
650 _aDOE
650 _aHSC
650 _aNON-DOMESTIC BUILDINGS
650 _aPREMISES MANAGEMENT
650 _aSURVEYS
650 _aUS ENVIRONMENTAL PROTECTION AGENCY
690 _aBUILT ENVIRONMENT-BUILDING INSPECTION
942 _n0
948 _c08/01/1999
999 _c57452
_d57452